[Event "FRA-ch (Women)"]
[Site "Bescanon"]
[Date "1999.08.20"]
[Round "3"]
[White "Moingt, Anne"]
[Black "Franc, Nathalie"]
[Result "1/2-1/2"]
[WhiteElo "2115"]
[BlackElo "2085"]
[PlyCount "28"]
[EventDate "1999.08.18"]
[EventType "tourn"]
[EventRounds "11"]
[EventCountry "FRA"]
[SourceTitle "CBM 071 Extra"]
[Source "ChessBase"]
[SourceDate "1999.09.14"]
[SourceVersion "1"]
[SourceVersionDate "1999.09.14"]
[SourceQuality "1"]

1. e4 d6 2. d4 Nf6 3. Nc3 Nbd7 4. Nf3 e6 5. Bc4 Be7 6. 0-0 0-0 7. Re1 c6 8. a4 b6 9. b3 Bb7 10. Bf1 a6 11. Bb2 Re8 12. g3 b5 13. Bg2 Bf8 14. axb5 axb5 1/2-1/2